000 00596nam a2200181Ia 4500
008 100920s9999 xx 000 0 und d
082 _b69535
_a24 थ 94
100 _aजोशी प्रकाश, माहिमकर रविन्द्र.
245 _aपश्चिमवेळा.
260 _bआपलं प्रकाशन, मुंबई 63.
_c1994
300 _a212
_bसाधी
365 _b90
520 _aसायो.
630 _aपश्चिमवेळा.
650 _aसायो.
730 _aपश्चिमवेळा.
942 _cBOOK
999 _c711684
_d711681